Vida universitaria (Record no. 56437)

MARC details
000 -LEADER
campo de control de longitud fija 00448nam a2200145 i 4500
001 - NÚMERO DE CONTROL
campo de control 56437
003 - IDENTIFICADOR DE NÚMERO DE CONTROL
campo de control ES-MaACL
005 - FECHA Y HORA DE LA ÚLTIMA TRANSACCIÓN
campo de control 20230906163353.0
007 - CAMPO FIJO DE DESCRIPCIÓN FÍSICA--INFORMACIÓN GENERAL
campo de control de longitud fija t|
008 - DATOS DE LONGITUD FIJA--INFORMACIÓN GENERAL
campo de control de longitud fija 031009s1919 sp ||||1| spa d
100 1# - ENTRADA PRINCIPAL--NOMBRE DE PERSONA
Nombre de persona Díez Tortosa, Juan Luis.
9 (RLIN) 44778
245 10 - MENCIÓN DEL TÍTULO
Título Vida universitaria
Resto del título : discurso leído en la inauguración del curso de 1919 a 1920 /
Mención de responsabilidad, etc. Juan Luis Díez Tortosa.
260 ## - PUBLICACIÓN, DISTRIBUCIÓN, ETC.
Lugar de publicación, distribución, etc. Granada :
Nombre del editor, distribuidor, etc. [s.n.,
Fecha de publicación, distribución, etc. 1919]
852 ## - LOCALIZACIÓN
Ubicación ES-MaACL
Número de control de estantería 1586-F-18
Holdings
Estatus retirado Estado de pérdida Estado de daño No para préstamo Colección Biblioteca de origen Biblioteca actual Ubicación en estantería Fecha de adquisición Fuente de adquisición Total de préstamos Signatura topográfica completa Código de barras Visto por última vez Precio de reemplazo Tipo de ítem Koha
        Colección de folletos Biblioteca del Ateneo de Madrid Biblioteca del Ateneo de Madrid Depósito folletos 17/01/2008     1586-F-18 1059275 23/02/2023 23/02/2023 Folleto